Zelený zákazník a elektromobilita

S rýchlym zhoršovaním ekosystému na Zemi za posledných päťdesiat rokov sa rýchlo vyvíjajú nové technológie, ktoré umožňujú čiastočne znížiť záťaž na životné prostredie. V súvislosti s tým vznikajú aj nové segmenty zelených zákazníkov, ktorí chcú využívať ekologické produkty. Jedným z takýchto produk...

Description complète

Enregistré dans:
Détails bibliographiques
Auteur principal: Matušovičová, Monika, 1967-
Format: Chapitre de livre
Langue:slovaque
Sujets:
Tags: Ajouter un tag
Pas de tags, Soyez le premier à ajouter un tag!

MARC

LEADER 00000naa$a2200000$$$4500
001 0289454
005 20240502074433.5
041 0 |a slo 
044 |a SK 
245 1 0 |a Zelený zákazník a elektromobilita  |c Monika Matušovičová 
520 |a S rýchlym zhoršovaním ekosystému na Zemi za posledných päťdesiat rokov sa rýchlo vyvíjajú nové technológie, ktoré umožňujú čiastočne znížiť záťaž na životné prostredie. V súvislosti s tým vznikajú aj nové segmenty zelených zákazníkov, ktorí chcú využívať ekologické produkty. Jedným z takýchto produktov je elektromobil. Cieľom príspevku je špecifikovať nový segment zeleného zákazníka v kontexte elektromobility, ako aj analyzovať a zhodnotiť vybrané kvantitatívne a kvalitatívne ukazovatele vývoja elektromobility v aktuálnom období. 
610 2 0 |a elektromobilita 
610 2 0 |a elektromobily 
610 2 0 |a správanie spotrebiteľa 
610 2 0 |a prostredie životné 
100 1 |a Matušovičová, Monika, 1967-